Վիպական հաւաքածոյ / (Record no. 535142)
[ view plain ]
| 000 -LEADER | |
|---|---|
| fixed length control field | 01079nam a2200217 a 4500 |
| 001 - CONTROL NUMBER | |
| control field | 000301535 |
| 003 - CONTROL NUMBER IDENTIFIER | |
| control field | AM-YeHGA |
| 005 - DATE AND TIME OF LATEST TRANSACTION | |
| control field | 20251028133013.0 |
| 008 - FIXED-LENGTH DATA ELEMENTS--GENERAL INFORMATION | |
| fixed length control field | 040120s1906 ua ||||||||||||||1|arm|d |
| 040 ## - CATALOGING SOURCE | |
| Original cataloging agency | AM-YeHGA |
| 041 0# - LANGUAGE CODE | |
| Language code of text/sound track or separate title | arm |
| 100 1# - MAIN ENTRY--PERSONAL NAME | |
| Personal name | Փաշայան, Կարապետ, |
| Dates associated with a name | 1864-1915 |
| 9 (RLIN) | 814 |
| 245 10 - TITLE STATEMENT | |
| Title | Վիպական հաւաքածոյ / |
| Statement of responsibility, etc. | Կ.Յ. Փաշայեան-Խան. |
| 260 ## - PUBLICATION, DISTRIBUTION, ETC. | |
| Place of publication, distribution, etc. | Աղեքսանդրիա : |
| Name of publisher, distributor, etc. | տպ. Կամպէթա, |
| Date of publication, distribution, etc. | 1906. |
| 300 ## - PHYSICAL DESCRIPTION | |
| Extent | վիպակ ; |
| Dimensions | 20 սմ. |
| 500 ## - GENERAL NOTE | |
| General note | Վիպակ 1-5՝ մեկ կազմում։ |
| 500 ## - GENERAL NOTE | |
| General note | Նկարագրված օրինակները չունեն տիտղոսաթերթ։ Նկարագրությունը կատարված է շապկից։ |
| 505 00 - FORMATTED CONTENTS NOTE | |
| Miscellaneous information | Վիպակ I-II (1906, 23 էջ) : |
| Title | Միշէլ եւ Քըլիզին ; Լուսանկարը, |
| Miscellaneous information | Վիպակ III (1906, 25-51 էջ ) : |
| Title | Ճակատագիր, |
| Miscellaneous information | Վիպակ IV (1906, 53-96 էջ) : |
| Title | Վարժապետին պղատոնական սէրը, |
| Miscellaneous information | Վիպակ V (1906, 99-146 էջ) : |
| Title | Վառօ |
| 650 14 - SUBJECT ADDED ENTRY--TOPICAL TERM | |
| Topical term or geographic name entry element | Հայ գրականություն |
| 942 ## - ADDED ENTRY ELEMENTS (KOHA) | |
| Source of classification or shelving scheme | Universal Decimal Classification |
| Koha item type | Գրքեր / Books |
| Withdrawn status | Lost status | Source of classification or shelving scheme | Damaged status | Not for loan | Collection | Home library | Current library | Date acquired | Serial enumeration / chronology | Total checkouts | Full call number | Barcode | Date last seen | Price effective from | Koha item type | Public note |
|---|---|---|---|---|---|---|---|---|---|---|---|---|---|---|---|---|
| Universal Decimal Classification | Zhamkochyan Individual collection | Fundamental Scientific Library | Fundamental Scientific Library | 13/06/2025 | Վիպակ 1-5 | Ժամ/731 | FL0690640 | 13/06/2025 | 13/06/2025 | Գրքեր / Books | ILL Non-Circ. |
ՀՀ Գիտությունների ազգային ակադեմիայի հիմնարար գիտական գրադարան = Fundamental Scientific Library of NAS RA
All site content, except where otherwise noted, is licensed under a